Las desopilantes aventuras de Goris y Edo.

Gespeichert in:
Bibliographische Detailangaben
1. Verfasser: Guzmán González, Luis (autor, guión, dibujo)
Format: Buch
Veröffentlicht: Santiago, Chile: RIL Editores, 2023.
Ausgabe:Primera edición.
Schlagworte:
Tags: Tag hinzufügen
Keine Tags, Fügen Sie den ersten Tag hinzu!

MARC

LEADER 00000nam a22000007a 4500
003 CL-VaPUC
005 20250321101917.0
008 250113t2023 ||||| |||| 00| 0 eng d
999 |c 446470  |d 446468 
020 |a 978-956-01-1467-9 
040 |c Pontificia Universidad Católica de Valparaíso 
082 |a 741.5983 GUZ 2023 
100 |9 895312  |a Guzmán González, Luis  |e autor  |e guión  |e dibujo 
245 |a Las desopilantes aventuras de Goris y Edo. 
250 |a Primera edición. 
260 |a Santiago, Chile:  |b RIL Editores,  |c 2023. 
300 |a 148 páginas;  |b ilustraciones. 
500 |a c.1-c.2 Instituto Arcos.08-01-2025. 
583 |c 20250113  |k Gabriela Rodríguez Cuevas 
650 0 |9 318483  |a Humorismo chileno  |x Dibujos y caricaturas 
650 0 |a Historietas, tiras cómicas, etc.  |z Chile  |9 308802 
650 0 |9 369534  |a Cómics  |z Chile 
942 |2 ddc  |c BK  |n 0 
952 |0 0  |1 0  |2 ddc  |4 0  |6 741_598300000000000_GUZ_2023  |7 0  |9 599207  |a BIBINC  |b BIBINC  |c GEN  |d 2025-01-13  |e Instituto Arcos  |i 5664099  |o 741.5983 GUZ 2023  |p 5664099  |r 2025-01-13  |t 1  |w 2025-01-13  |y BK  |k IFP 
952 |0 0  |1 0  |2 ddc  |4 0  |6 741_598300000000000_GUZ_2023  |7 0  |9 599208  |a BIBINC  |b BIBINC  |c GEN  |d 2025-01-13  |e Instituto Arcos  |i 5664100  |o 741.5983 GUZ 2023  |p 5664100  |r 2025-01-13  |t 2  |w 2025-01-13  |y BK  |k IFP